[Event "Bhubaneswar op 16th"]
[Site "Bhubaneswar"]
[Date "2025.05.11"]
[Round "4"]
[White "Wijerathna, Vinuka Dihain"]
[Black "Narendra, Agarwal"]
[Result "1/2-1/2"]
[WhiteElo "2063"]
[BlackElo "1812"]
[PlyCount "68"]
[EventDate "2025.05.09"]
[EventType "swiss"]
[EventRounds "10"]
[EventCountry "IND"]
[SourceTitle "CB21_2025"]
[SourceDate "2025.05.21"]
[SourceVersion "1"]
[SourceVersionDate "2025.05.21"]
[SourceQuality "1"]

1. e4 e6 2. d4 d5 3. Nc3 dxe4 4. Nxe4 Nd7 5. Nf3 Ngf6 6. Bd3 Nxe4 7. Bxe4 Nf6 8. Bg5 Be7 9. Bxf6 gxf6 10. Qe2 c6 11. 0-0-0 Qa5 12. Kb1 Bd7 13. Rhe1 0-0-0 14. c3 Bd6 15. h4 f5 16. Bc2 f6 17. Nd2 Qc7 18. Nc4 Rhe8 19. Qf3 b5 20. Nxd6+ Qxd6 21. Re2 Qd5 22. Qxd5 cxd5 23. f4 Kc7 24. Rd3 Rg8 25. g3 Kd6 26. Ree3 Rg7 27. Kc1 Rdg8 28. Kd1 Be8 29. Ke1 Rc7 30. Rd2 Bf7 31. Kf2 Rgc8 32. Bd3 Rb7 33. Re1 Rb6 34. Rc1 a6 1/2-1/2

[Event "Kolkata St Xavier College op"]
[Site "Kolkata"]
[Date "2024.08.24"]
[Round "2"]
[White "Narendra, Agarwal"]
[Black "Rupayaan, Guha"]
[Result "1-0"]
[WhiteElo "1755"]
[BlackElo "1448"]
[PlyCount "73"]
[EventDate "2024.08.24"]
[EventType "swiss (rapid)"]
[EventRounds "11"]
[EventCountry "IND"]
[SourceTitle "CBM 221 Extra"]
[Source "ChessBase"]
[SourceDate "2024.09.30"]
[SourceVersion "1"]
[SourceVersionDate "2024.09.30"]
[SourceQuality "1"]

1. Nf3 Nf6 2. b3 d5 3. e3 c5 4. Bb2 Bg4 5. Be2 e6 6. d4 Be7 7. Nbd2 0-0 8. 0-0 Nc6 9. Ne5 Bxe2 10. Qxe2 Nxe5 11. dxe5 Nd7 12. f4 Re8 13. Rf3 Bf8 14. Rd1 Qc7 15. Rh3 g6 16. c4 Nb6 17. cxd5 exd5 18. Nf3 Rad8 19. f5 d4 20. exd4 cxd4 21. Bxd4 Rxd4 22. Nxd4 Rxe5 23. Re3 Nd7 24. Rxe5 Nxe5 25. Re1 Bd6 26. Kh1 Qc5 27. Qe4 Qc3 28. Nb5 Qd2 29. Nxd6 Nd3 30. Qe8+ Kg7 31. f6+ Kh6 32. Nxf7+ Kh5 33. Qe2+ Qxe2 34. Rxe2 Nf4 35. g4+ Kxg4 36. Ne5+ Kf5 37. f7 1-0

[Event "Pune op 10th"]
[Site "Pune"]
[Date "2024.05.18"]
[Round "2"]
[White "Neelash, Saha"]
[Black "Narendra, Agarwal"]
[Result "1-0"]
[WhiteElo "2469"]
[BlackElo "1670"]
[PlyCount "87"]
[EventDate "2024.05.18"]
[EventType "swiss"]
[EventRounds "9"]
[EventCountry "IND"]
[SourceTitle "CBM 220 Extra"]
[Source "ChessBase"]
[SourceDate "2024.07.31"]
[SourceVersion "1"]
[SourceVersionDate "2024.07.31"]
[SourceQuality "1"]

1. Nf3 Nf6 2. e3 e6 3. b3 d5 4. Bb2 c5 5. Bb5+ Bd7 6. c4 Bxb5 7. cxb5 Nbd7 8. 0-0 Be7 9. Qe2 0-0 10. d3 a6 11. bxa6 Rxa6 12. Nbd2 Qb8 13. d4 Rc8 14. Rfc1 Rac6 15. a3 cxd4 16. Rxc6 bxc6 17. exd4 c5 18. dxc5 Bxc5 19. b4 Bd6 20. Nf1 e5 21. Rd1 d4 22. Ng3 g6 23. Ng5 Bf8 24. f4 exf4 25. N3e4 Nxe4 26. Qxe4 Qe5 27. Qxd4 Qxd4+ 28. Bxd4 Ra8 29. Rd3 f6 30. Ne6 Bd6 31. Bb2 Be5 32. Bxe5 Nxe5 33. Rc3 g5 34. b5 Kf7 35. Nd4 Ke7 36. b6 Rb8 37. Nc6+ Nxc6 38. Rxc6 Kd7 39. Rxf6 Kc8 40. Rf8+ Kb7 41. Rxb8+ Kxb8 42. a4 Kb7 43. a5 h5 44. h3 1-0